000 00314nam a22001337a 4500
008 170608b xxu||||| |||| 00| 0 eng d
020 _a9780321390158
041 _aeng
080 _a327
100 _a18
101 _aSHP
245 _aPOLITICAL IDEOLOGIES THE DEMOCEATIC IDEAL
_cDAGGER.E
942 _2udc
_cBK
999 _c16529
_d16529